| 000 | 00676 a2200181 4500 | ||
|---|---|---|---|
| 003 | Nust | ||
| 005 | 20230320111116.0 | ||
| 040 | _cNust | ||
| 082 | _a621.952,COL | ||
| 100 |
_aFred H. Colvin _9110598 |
||
| 245 |
_aDrilling and surfacing practice : _bDrilling, reaming, tapping, planing, shaping, slotting, milling and broaching / _cFred H Colvin, |
||
| 250 | _a3rd ed, | ||
| 260 |
_aNew York _bMc Graw-Hill _c1948 |
||
| 300 | _a523p | ||
| 505 | _aDrilling (Page-3), Reaming and Tapping (Page-90), Planers and Shapers (Page-133), Milling (Page-200), Milling Cutters (Page-348), Broaching (Page-428). | ||
| 650 |
_aDrilling and surfacing practice _9110599 |
||
| 942 |
_2ddc _cBK |
||
| 999 |
_c183590 _d183590 |
||